000 01001nam0a22002531 4500
001 rc\3028589
005 20250806201601.0
035 _a(NLR Aleph) 007169687
090 _a44549
_c44549
100 _a20110930d1945 u y0rusy50 ca
101 0 _arus
102 _aRU
105 _ay z |||||
200 1 _aПравила эксплоатации и хранения автомобильных шин
_fАвтотрансп. упр. Наркомстроя СССР
210 _aМосква
_cБюро техн. помощи
_d1945
_gтип. Наркомстроя
215 _a13 с., включ. 1 с. обл.
_d20 см
712 0 1 _aСССР
_bНародный комиссариат по строительству
_bАвтотранспортное управление
_4570
801 0 _aRU
_bNLR
_gpsbo
801 1 _aRU
_bELAR
_2rusmarc
852 _aNLR
_jТ86 Г-4/207
942 _cBOOK
945 _aРоссийская национальная библиотека
980 _aNB
980 _aBV